山口県の戦前市制・町制 - Statistics

General Stats
  • This quiz has been taken 100 times
  • The average score is 33 of 56
Answer Stats
施行日 施行内容 所属郡 回答 % Correct
1929.04.10 市制 (市) 山口市
98%
1936.08.25 市制 (市) 防府市
95%
1939.11.03 市制 (市) 防府市
95%
1921.11.01 市制 (市) 宇部市
91%
1932.07.01 市制 (市) 萩市
91%
1935.10.15 市制 (市) 徳山市
91%
1940.04.01 市制 (市) 岩国市
91%
1889.04.01 市制 (市) 赤間関市
89%
1889.04.01 町制 玖珂郡 岩国町
89%
1889.04.01 町制 吉敷郡 山口町
89%
1889.04.01 町制 阿武郡 萩町
89%
1900.10.15 町制 都濃郡 徳山町
89%
1943.04.01 市制 (市) 光市
89%
1920.04.03 町制 厚狭郡 小野田町
86%
1901.08.01 町制 吉敷郡 小郡町
82%
1902.01.01 町制 佐波郡 防府町
82%
1918.10.01 町制 厚狭郡 厚狭町
82%
1940.11.03 市制 (市) 小野田市
82%
1901.03.01 町制 都濃郡 下松町
73%
1911.04.01 町制 豊浦郡 長府町
68%
1940.11.03 町制 吉敷郡 阿知須町
66%
1914.04.15 町制 大津郡 仙崎町
64%
1921.02.11 町制 熊毛郡 田布施町
64%
1924.08.01 町制 玖珂郡 玖珂町
61%
1926.02.11 町制 玖珂郡 由宇町
59%
1889.04.01 町制 玖珂郡 柳井津町
57%
1924.08.01 町制 玖珂郡 高森町
57%
1925.05.01 町制 豊浦郡 小串町
57%
1939.05.01 町制 美祢郡 大嶺町
57%
1923.08.01 町制 美祢郡 大田町
55%
1903.04.01 町制 熊毛郡 平生町
52%
1932.11.03 町制 豊浦郡 小月町
52%
1916.06.01 町制 大島郡 小松町
50%
1917.09.01 町制 厚狭郡 船木町
50%
1915.11.10 町制 都濃郡 富田町
48%
1926.11.01 町制 佐波郡 中関町
48%
1904.01.01 町制 大島郡 久賀町
45%
1940.11.03 町制 大津郡 三隅町
45%
1924.02.11 町制 阿武郡 須佐町
43%
1940.04.29 町制 吉敷郡 秋穂町
43%
1940.11.03 町制 都濃郡 鹿野町
41%
1906.01.01 町制 熊毛郡 室積町
39%
1928.04.29 町制 玖珂郡 麻里布町
39%
1915.11.01 町制 大島郡 安下庄町
34%
1921.10.01 町制 豊浦郡 彦島町
34%
1940.11.03 町制 阿武郡 奈古町
34%
1940.11.03 町制 阿武郡 江崎町
30%
1912.01.01 町制 都濃郡 福川町
27%
1924.02.11 町制 豊浦郡 西市町
27%
1925.02.11 町制 豊浦郡 安岡町
27%
1928.11.01 町制 大津郡 深川町
27%
1938.04.01 町制 厚狭郡 高千帆町
27%
1939.04.01 町制 熊毛郡 周南町
27%
1940.11.03 町制 玖珂郡 広瀬町
27%
1924.01.01 町制 美祢郡 伊佐町
25%
1940.04.29 町制 都濃郡 櫛ケ浜町
25%
No matching quizzes found
Score Distribution
Percent of People with Each Score
Percentile by Number Answered
Your Score History
You have not taken this quiz